Statistics for Municipalities of Veneto (with a map)

Click here to take the quiz!

General Stats

  • This quiz has been taken 304 times
  • The average score is 105 of 563

Answers on the Map

Answers color-coded by a green-red scale on the quiz's map according to % correct below.
 

Answer Stats

Comune% Correct
Venice
96%
Padua
93%
Verona
93%
Vicenza
92%
Belluno
90%
Rovigo
90%
Treviso
89%
Chioggia
75%
Jesolo
73%
Bassano del Grappa
70%
Cortina d'Ampezzo
70%
Caorle
63%
Conegliano
60%
Vittorio Veneto
59%
Asiago
58%
Mira
58%
Montebelluna
57%
Portogruaro
57%
Castelfranco Veneto
56%
Feltre
55%
Schio
55%
San Donà  di Piave
53%
Thiene
53%
Vo'
52%
Adria
51%
Oderzo
51%
Peschiera del Garda
49%
Nove
48%
Valdobbiadene
48%
Eraclea
47%
Mogliano Veneto
47%
Mirano
46%
Paese
46%
Asolo
45%
Auronzo di Cadore
44%
Cittadella
44%
Longarone
44%
Scorzè
44%
Abano Terme
43%
Dolo
43%
Pieve di Cadore
42%
Garda
41%
Maser
41%
Nervesa della Battaglia
41%
Spresiano
41%
Ponte nelle Alpi
40%
Susegana
40%
Agordo
39%
Cavallino-Treporti
39%
Motta di Livenza
39%
Silea
39%
Noale
38%
Pieve di Soligo
38%
Preganziol
38%
Villorba
38%
Roncà
37%
Alleghe
36%
Alpago
36%
Bardolino
36%
San Stino di Livenza
36%
Santa Lucia di Piave
36%
Casale sul Sile
35%
Marcon
35%
Noventa di Piave
35%
Riese Pio X
35%
Roncade
35%
Godega di Sant'Urbano
34%
Quinto di Treviso
34%
Sedico
34%
Arsiè
33%
Cison di Valmarino
33%
Este
33%
Fregona
33%
Legnago
33%
Martellago
33%
Monselice
33%
San Biagio di Callalta
33%
San Michele al Tagliamento
33%
Spinea
33%
Volpago del Montello
33%
Zero Branco
33%
Cornuda
32%
Vedelago
32%
Borgo Valbelluna
31%
Cessalto
31%
Crocetta del Montello
31%
Farra di Soligo
31%
Follina
31%
Fontanelle
31%
Mareno di Piave
31%
Marostica
31%
Porto Tolle
31%
Quarto d'Altino
31%
Quero Vas
31%
San Vito di Cadore
31%
Vidor
31%
Camisano Vicentino
30%
Giavera del Montello
30%
Gruaro
30%
Portobuffolè
30%
Santa Giustina
30%
Santo Stefano di Cadore
30%
San Zenone degli Ezzelini
30%
Borso del Grappa
29%
Castello di Godego
29%
Codognè
29%
Ormelle
29%
Orsago
29%
Pedavena
29%
Possagno
29%
Revine Lago
29%
San Vendemiano
29%
Sernaglia della Battaglia
29%
Tambre
29%
Vazzola
29%
Annone Veneto
28%
Loria
28%
Miane
28%
San Bonifacio
28%
San Polo di Piave
28%
Alano di Piave
27%
Campagna Lupia
27%
Concordia Sagittaria
27%
Cordignano
27%
Domegge di Cadore
27%
Gaiarine
27%
Istrana
27%
Maserada sul Piave
27%
Piove di Sacco
27%
Recoaro Terme
27%
San Fior
27%
Sarmede
27%
Seren del Grappa
27%
Tarzo
27%
Trevignano
27%
Villafranca di Verona
27%
Arcade
26%
Arzignano
26%
Bussolengo
26%
Limana
26%
Rosà
26%
Rosolina
26%
San Giovanni Lupatoto
26%
Altivole
25%
Cappella Maggiore
25%
Cavaso del Tomba
25%
Colle Umberto
25%
Lazise
25%
Ponte di Piave
25%
San Pietro di Feletto
25%
Segusino
25%
Valdagno
25%
Campodarsego
24%
Moriago della Battaglia
24%
Pederobba
24%
Ponzano Veneto
24%
Refrontolo
24%
Resana
24%
Soave
24%
Sospirolo
24%
Trebaseleghe
24%
Vigonza
24%
Albignasego
23%
Calalzo di Cadore
23%
Camposampiero
23%
Fonte
23%
Malcesine
23%
Mansuè
23%
Meduna di Livenza
23%
Monastier di Treviso
23%
Monfumo
23%
Pieve del Grappa
23%
Povegliano
23%
Pramaggiore
23%
San Martino di Lupari
23%
Stra
23%
Vodo di Cadore
23%
Zenson di Piave
23%
Casalserugo
22%
Casier
22%
Fossalta di Portogruaro
22%
Val di Zoldo
22%
Arquà  Petrarca
21%
Caerano di San Marco
21%
Campolongo Maggiore
21%
Cavarzere
21%
Chiampo
21%
Chies d'Alpago
21%
Enego
21%
Gorgo al Monticano
21%
Legnaro
21%
Lonigo
21%
Montegrotto Terme
21%
Musile di Piave
21%
Piombino Dese
21%
Porto Viro
21%
Cimadolmo
20%
Montagnana
20%
Valle di Cadore
20%
Vigodarzere
20%
Badia Polesine
19%
Belfiore
19%
Carbonera
19%
Ceggia
19%
Fonzaso
19%
Fossalta di Piave
19%
Gazzo
19%
Isola della Scala
19%
Livinallongo del Col di Lana
19%
Nogara
19%
Noventa Padovana
19%
Occhiobello
19%
Rubano
19%
Noventa Vicentina
18%
Tezze sul Brenta
18%
Camponogara
17%
Creazzo
17%
Dueville
17%
Fiesso d'Artico
17%
Gallio
17%
Lamon
17%
Meolo
17%
Montecchio Maggiore
17%
Piovene Rocchette
17%
Roana
17%
Romano d'Ezzelino
17%
Salzano
17%
San Martino Buon Albergo
17%
San Tomaso Agordino
17%
Torre di Mosto
17%
Vigonovo
17%
Cinto Caomaggiore
16%
Lusia
16%
Malo
16%
San Pietro in Gu
16%
Altavilla Vicentina
15%
Breganze
15%
Cassola
15%
Chiarano
15%
Cibiana di Cadore
15%
Codevigo
15%
Conselve
15%
Danta di Cadore
15%
Due Carrare
15%
Falcade
15%
Fossò
15%
La Valle Agordina
15%
Mestrino
15%
Ospitale di Cadore
15%
Rossano Veneto
15%
Sandrigo
15%
Selvazzano Dentro
15%
Torreglia
15%
Torri di Quartesolo
15%
Valbrenta
15%
Valeggio sul Mincio
15%
Voltago Agordino
15%
Affi
14%
Borca di Cadore
14%
Borgoricco
14%
Cartigliano
14%
Castelcucco
14%
Castelnuovo del Garda
14%
Cerea
14%
Fratta Polesine
14%
Grezzana
14%
Loreggia
14%
Ospedaletto Euganeo
14%
Pianiga
14%
San Pietro di Cadore
14%
Sommacampagna
14%
Zoppè di Cadore
14%
Arcugnano
13%
Arsiero
13%
Boara Pisani
13%
Breda di Piave
13%
Cadoneghe
13%
Cesiomaggiore
13%
Comelico Superiore
13%
Cona
13%
Galliera Veneta
13%
Longare
13%
Lozzo di Cadore
13%
Marano Vicentino
13%
Morgano
13%
Negrar di Valpolicella
13%
Orgiano
13%
Pastrengo
13%
Piazzola sul Brenta
13%
Rocca Pietore
13%
Rotzo
13%
Santa Maria di Sala
13%
Saonara
13%
Selva di Cadore
13%
Solesino
13%
Teglio Veneto
13%
Torri del Benaco
13%
Zevio
13%
Arre
12%
Bolzano Vicentino
12%
Canale d'Agordo
12%
Cencenighe Agordino
12%
Limena
12%
Mussolente
12%
Pescantina
12%
Quinto Vicentino
12%
San Gregorio nelle Alpi
12%
Taibon Agordino
12%
Teolo
12%
Valdastico
12%
Agna
11%
Anguillara Veneta
11%
Arzergrande
11%
Battaglia Terme
11%
Bovolenta
11%
Bovolone
11%
Caldogno
11%
Candiana
11%
Colle Santa Lucia
11%
Cologna Veneta
11%
Erbè
11%
Ficarolo
11%
Foza
11%
Galzignano Terme
11%
Isola Vicentina
11%
Laghi
11%
Lendinara
11%
Maserà  di Padova
11%
Merlara
11%
Pontelongo
11%
Ponte San Nicolò
11%
Pozzonovo
11%
Rovolon
11%
Salgareda
11%
San Giorgio delle Pertiche
11%
Schiavon
11%
Solagna
11%
Sona
11%
Sossano
11%
Soverzene
11%
Tombolo
11%
Tribano
11%
Trissino
11%
Valli del Pasubio
11%
Bagnoli di Sopra
10%
Buttapietra
10%
Caldiero
10%
Fontaniva
10%
Grisignano di Zocco
10%
Grumolo delle Abbadesse
10%
Illasi
10%
Loreo
10%
Masi
10%
Montebello Vicentino
10%
Montegalda
10%
Rivamonte Agordino
10%
San Giorgio in Bosco
10%
San Nicolò di Comelico
10%
Vigasio
10%
Albettone
9%
Altissimo
9%
Arcole
9%
Arquà  Polesine
9%
Barbona
9%
Brugine
9%
Campodoro
9%
Canda
9%
Carmignano di Brenta
9%
Cartura
9%
Casale di Scodosia
9%
Colceresa
9%
Correzzola
9%
Curtarolo
9%
Dolcè
9%
Erbezzo
9%
Fumane
9%
Gosaldo
9%
Granze
9%
Lugo di Vicenza
9%
Lusiana Conco
9%
Massanzago
9%
Monteforte d'Alpone
9%
Monticello Conte Otto
9%
Nogarole Rocca
9%
Oppeano
9%
Perarolo di Cadore
9%
Polesella
9%
Salcedo
9%
Santa Giustina in Colle
9%
Santorso
9%
Sovramonte
9%
Taglio di Po
9%
Urbana
9%
Vigo di Cadore
9%
Villa Estense
9%
Villafranca Padovana
9%
Villanova di Camposampiero
9%
Zanè
9%
Agugliaro
8%
Baone
8%
Bosco Chiesanuova
8%
Castagnaro
8%
Castelgomberto
8%
Cinto Euganeo
8%
Cornedo Vicentino
8%
Costa di Rovigo
8%
Isola Rizza
8%
Lorenzago di Cadore
8%
Lozzo Atestino
8%
Pernumia
8%
Pettorazza Grimani
8%
Ponso
8%
Pove del Grappa
8%
San Pietro Viminario
8%
Sant'Ambrogio di Valpolicella
8%
Sant'Angelo di Piove di Sacco
8%
Sant'Urbano
8%
Sarcedo
8%
Stanghella
8%
Trecenta
8%
Albaredo d'Adige
7%
Ariano nel Polesine
7%
Asigliano Veneto
7%
Borgo Veneto
7%
Brogliano
7%
Canaro
7%
Caprino Veronese
7%
Carceri
7%
Castel d'Azzano
7%
Cerro Veronese
7%
Cogollo del Cengio
7%
Costabissara
7%
Crespadoro
7%
Ferrara di Monte Baldo
7%
Fiesso Umbertiano
7%
Gazzo Veronese
7%
Grantorto
7%
Minerbe
7%
Montecchio Precalcino
7%
Monte di Malo
7%
Montegaldella
7%
Mozzecane
7%
Palù
7%
Papozze
7%
Piacenza d'Adige
7%
Pianezze
7%
Pincara
7%
Polverara
7%
Posina
7%
Ronco all'Adige
7%
Saccolongo
7%
Salara
7%
Sanguinetto
7%
San Pietro in Cariano
7%
Sant'Elena
7%
Sorgà
7%
Stienta
7%
Terrassa Padovana
7%
Tonezza del Cimone
7%
Tregnago
7%
Vallada Agordina
7%
Villa Bartolomea
7%
Villadose
7%
Zermeghedo
7%
Zugliano
7%
Alonte
6%
Brendola
6%
Bressanvido
6%
Campiglia dei Berici
6%
Campo San Martino
6%
Carrè
6%
Ceregnano
6%
Fara Vicentino
6%
Gaiba
6%
Gambellara
6%
Lastebasse
6%
Marano di Valpolicella
6%
Melara
6%
Mezzane di Sotto
6%
Monteviale
6%
Nogarole Vicentino
6%
Pedemonte
6%
Pojana Maggiore
6%
Pozzoleone
6%
Rivoli Veronese
6%
San Martino di Venezze
6%
Sovizzo
6%
Trevenzuolo
6%
Velo Veronese
6%
Veronella
6%
Villamarzana
6%
Badia Calavena
5%
Bagnolo di Po
5%
Barbarano Mossano
5%
Bergantino
5%
Bevilacqua
5%
Bosaro
5%
Brentino Belluno
5%
Brenzone sul Garda
5%
Calto
5%
Caltrano
5%
Calvene
5%
Casaleone
5%
Castegnero
5%
Castelbaldo
5%
Castelguglielmo
5%
Castelmassa
5%
Cavaion Veronese
5%
Cazzano di Tramigna
5%
Ceneselli
5%
Cervarese Santa Croce
5%
Chiuppano
5%
Corbola
5%
Costermano sul Garda
5%
Crespino
5%
Frassinelle Polesine
5%
Gavello
5%
Giacciano con Baruchella
5%
Lavagno
5%
Megliadino San Vitale
5%
Montecchia di Crosara
5%
Nanto
5%
Povegliano Veronese
5%
Pressana
5%
Roverchiara
5%
Roveredo di Guà
5%
Salizzole
5%
San Bellino
5%
San Vito di Leguzzano
5%
San Zeno di Montagna
5%
Sarego
5%
Terrazzo
5%
Torrebelvicino
5%
Veggiano
5%
Velo d'Astico
5%
Vescovana
5%
Villa del Conte
5%
Zimella
5%
Zovencedo
5%
Montorso Vicentino
4%
Pontecchio Polesine
4%
Roverè Veronese
4%
San Giovanni Ilarione
4%
San Pietro Mussolino
4%
Sant'Anna d'Alfaedo
4%
Selva di Progno
4%
Vestenanova
4%
Vighizzolo d'Este
4%
Villanova del Ghebbo
4%
Villanova Marchesana
4%
Villaverla
4%
Angiari
3%
Bonavigo
3%
Boschi Sant'Anna
3%
Castelnovo Bariano
3%
Colognola ai Colli
3%
Concamarise
3%
Gambugliano
3%
Guarda Veneta
3%
San Mauro di Saline
3%
San Pietro di Morubio
3%
Val Liona
3%
Villaga
3%

Score Distribution

Percentile by Number Answered

Percent of People with Each Score

Your Score History

You have not taken this quiz